000
00308nam a22001337a 4500
008
170724b xxu||||| |||| 00| 0 eng d
020
_a
0471123226
041
_a
eng
080
_a
004
100
_a
29
101
_a
SHKI
245
_a
INFORMATION SYSTE,S: THEORY AND PRACTICE
_c
BURCH, J.G
942
_2
udc
_c
BK
999
_c
21830
_d
21830